The role of street foods in the diet of low-income urban residents : the case of Nairobi (Record no. 32245)
[ view plain ]
| 000 -LEADER | |
|---|---|
| fixed length control field | 00771 a2200277 4500 |
| 041 ## - CODE DE LANGUE | |
| Language code of summary or abstract/overprinted title or subtitle | En |
| 040 ## - SOURCE DU CATALOGAGE | |
| Original cataloging agency | Support |
| 041 ## - CODE DE LANGUE | |
| Language code of summary or abstract/overprinted title or subtitle | En |
| 020 ## - NUMERO INTERNATIONAL NORMALISE DES LIVRES | |
| International Standard Book Number | 90-5808-589-9 |
| 100 ## - VEDETTE PRINCIPALE - NOM DE PERSONNE | |
| Personal name | VAN'T RIET, Hilda |
| 130 ## - VEDETTE PRINCIPALE - TITRE UNIFORME | |
| Language of a work | En |
| 100 ## - VEDETTE PRINCIPALE - NOM DE PERSONNE | |
| Affiliation | Abomey-Calavi, Université d'Abomey-Calavi, Faculté des Sciences Agronomiques, Bj |
| 260 ## - PUBLICATION, DISTRIBUTION, ETC. (IMPRINT) | |
| Place of publication, distribution, etc | Wageningen |
| 260 ## - PUBLICATION, DISTRIBUTION, ETC. (IMPRINT) | |
| Name of publisher, distributor, etc | Université de Wageningen |
| 245 ## - TITLE STATEMENT | |
| Title | The role of street foods in the diet of low-income urban residents : the case of Nairobi |
| 260 ## - PUBLICATION, DISTRIBUTION, ETC. (IMPRINT) | |
| Date of publication, distribution, etc | 05 Mars 2002 |
| 300 ## - PHYSICAL DESCRIPTION | |
| Extent | 117 p. |
| 300 ## - PHYSICAL DESCRIPTION | |
| Other physical details | Ill., Couv. ill. ; 24 cm |
| 502 ## - DISSERTATION NOTE | |
| Dissertation note | Thèse de Doctorat |
| 653 1# - INDEX TERM--UNCONTROLLED | |
| Uncontrolled term | Agronomie |
| 650 ## - SUBJECT ADDED ENTRY--TOPICAL TERM | |
| Topical term or geographic name as entry element | DIET |
| 650 ## - SUBJECT ADDED ENTRY--TOPICAL TERM | |
| Topical term or geographic name as entry element | STREET FOOD |
| 653 #1 - INDEX TERM--UNCONTROLLED | |
| Uncontrolled term | Nutrition et Sciences Alimentaires |
| 651 ## - SUBJECT ADDED ENTRY--GEOGRAPHIC NAME | |
| Geographic name | NAIROBI |
| Withdrawn status | Lost status | Damaged status | Not for loan | Location (home branch) | Sublocation or collection (holding branch) | Date acquired | Koha issues (times borrowed) | Koha full call number | Koha date last seen | Copy number | Price effective from | Koha item type | Public note |
|---|---|---|---|---|---|---|---|---|---|---|---|---|---|
| Bibliothèque-Centre de Documentation de la Faculté des Sciences Agronomiques | Bibliothèque-Centre de Documentation de la Faculté des Sciences Agronomiques | T.NSA.2002.036 | 28/02/2009 | 02 | 28/02/2009 | Livre | A.9141 |